|
|
|
|
| LEADER |
00000nam a2200000 4500 |
| 001 |
vtls012288285 |
| 005 |
20260426105751.0 |
| 008 |
251201s2025 xo f nf 000 0 slo |
| 020 |
|
|
|a 9788057107798
|q (Wolters Kluwer SR ;
|q brožované)
|
| 020 |
|
|
|a 9788057107804
|q (Wolters Kluwer SR ;
|q pdf)
|
| 038 |
|
|
|a SNK
|
| 040 |
|
|
|a SNK
|b slo
|c SNK
|e rda
|
| 041 |
0 |
|
|a slo
|
| 044 |
|
|
|a xo
|c SK
|
| 072 |
|
7 |
|a 796
|x Šport. Hry. Telesné cvičenia
|2 konspekt
|
| 080 |
|
|
|a 796.966
|2 2011
|
| 080 |
|
|
|a 179
|2 2011
|
| 080 |
|
|
|a (437.6)
|2 2011
|
| 080 |
|
|
|a (437.3)
|2 2011
|
| 080 |
|
|
|a (494)
|2 2011
|
| 080 |
|
|
|a (485)
|2 2011
|
| 080 |
|
|
|a (035)
|2 2011
|
| 080 |
|
|
|a (436)
|2 2011
|
| 080 |
|
|
|a (430)
|2 2011
|
| 100 |
1 |
|
|a Lažo, Miroslav
|4 aut
|9 815727
|
| 245 |
1 |
0 |
|a Porovnanie disciplinárnych systémov vybraných členov IIHF
|c Miroslav Lažo, Tomáš Strémy a kol.
|
| 250 |
|
|
|a Prvé vydanie
|
| 264 |
|
1 |
|a Bratislava
|b Wolters Kluwer
|c 2025
|
| 300 |
|
|
|a 122 strán
|c 22 cm
|
| 336 |
|
|
|a text
|b txt
|2 rdacontent
|
| 337 |
|
|
|a bez média
|b n
|2 rdamedia
|
| 338 |
|
|
|a zväzok
|b nc
|2 rdacarrier
|
| 500 |
|
|
|a Obsahuje poznámky pod čiarou
|
| 504 |
|
|
|a Obsahuje bibliografiu, bibliografické odkazy
|
| 650 |
0 |
7 |
|a ľadový hokej
|2 SNKPH
|9 3231
|
| 650 |
0 |
7 |
|a disciplína
|2 SNKPH
|9 71436
|
| 650 |
0 |
7 |
|a Disciplinárne konanie
|2 SNKPH
|9 356742
|
| 650 |
0 |
7 |
|a Ice hockey
|2 SNKPHeng
|9 275903
|
| 650 |
0 |
7 |
|a Discipline
|2 SNKPHeng
|9 371633
|
| 651 |
|
7 |
|a Slovensko
|2 SNKPHgeo
|9 14231
|
| 651 |
|
7 |
|a Česko
|2 SNKPHgeo
|9 16753
|
| 651 |
|
7 |
|a Švajčiarsko
|2 SNKPHgeo
|9 20143
|
| 651 |
|
7 |
|a Švédsko
|2 SNKPHgeo
|9 246039
|
| 651 |
|
7 |
|a Rakúsko
|2 SNKPHgeo
|9 18533
|
| 651 |
|
7 |
|a Slovakia
|2 SNKPHeng
|9 92630
|
| 651 |
|
7 |
|a Czech Republic
|2 SNKPHeng
|9 302790
|
| 651 |
|
7 |
|a Switzerland
|2 SNKPHeng
|9 319826
|
| 651 |
|
7 |
|a Sweden
|2 SNKPHeng
|9 106023
|
| 651 |
|
7 |
|a Austria
|2 SNKPHeng
|9 274392
|
| 651 |
|
7 |
|a Nemecko
|2 SNKPHeng
|9 21020
|
| 651 |
|
7 |
|a Germany
|2 SNKPHeng
|9 268047
|
| 655 |
|
7 |
|a príručky
|2 SNKPH
|9 74364
|
| 655 |
|
7 |
|a Handbooks, manuals, etc.
|2 SNKPHeng
|9 90964
|
| 700 |
1 |
|
|a Strémy, Tomáš,
|d 1981-
|4 aut
|9 206903
|
| 700 |
1 |
|
|a Krechňák, Šimon Ondrej
|4 aut
|9 815728
|
| 700 |
1 |
|
|a Kmeť, Martin
|4 aut
|9 571108
|
| 700 |
1 |
|
|a Lukáč, Juraj
|4 aut
|9 319876
|
| 700 |
1 |
|
|a Markov, Pavol
|4 bjd
|4 bkd
|9 230351
|
| 852 |
|
|
|a Slovenská národná knižnica
|
| 919 |
|
|
|a 978-80-571-0779-8
|
| 958 |
|
|
|a NB
|
| 999 |
|
|
|c 3360663
|d 3362593
|
| 952 |
|
|
|t 1
|a SNK
|b SNK
|y NEVYP
|7 1
|p 17A1584575
|o snkSC 213463
|i snk2026/2833
|8 0
|0 0
|1 0
|2 udc
|4 0
|d 2026-03-02
|l 0
|r 2026-03-02 13:15:52
|w 2026-03-02
|